|
|
|
|
| LEADER |
01266nam a2200241 a 4500 |
| 001 |
GR-MES16710 |
| 008 |
140926s2001 gr g 000 0 gre d |
| 020 |
|
|
|a 9600214719
|
| 040 |
|
|
|a GrPaTEI
|b gre
|c GR-PaULI
|
| 040 |
|
|
|a GrPaTEI
|b gre
|c GR-PaULI
|
| 082 |
|
0 |
|a 333.73094
|2 22
|
| 100 |
1 |
|
|a Τσέτσης, Σταύρος Χρ.
|
| 245 |
1 |
2 |
|a Ο ευρωπαικός χώρος στο πέρασμα στον 21ο αιώνα :
|b παγκοσμιοποίηση, το μέλλον των ευρωπαικών αστικών συστημάτων και η ανάδυση της γεωχωροταξίας /
|c Σταύρου Χρ. Τσέτση.
|
| 260 |
|
|
|a Aθήνα :
|b Παπαζήση,
|c 2001
|
| 300 |
|
|
|a 342σ. :
|b χάρτες,στατ.πίνακ.
|
| 504 |
|
|
|a περιέχει βιβλιογραφία
|
| 650 |
|
4 |
|a Ευρωπαϊκή Ενωση
|
| 650 |
1 |
0 |
|a περιφερειακός σχεδιασμός
|x ευρωπαικές χώρες
|
| 710 |
0 |
|
|a Παπαζήση
|
| 942 |
|
|
|2 ddc
|
| 952 |
|
|
|0 0
|1 0
|2 ddc
|4 0
|6 333_730940000000000_ΤΣΕ
|7 0
|9 274708
|a MSLG
|b MSLG
|c BSC
|d 2021-01-17
|e 24
|f 0
|g 0.00
|l 0
|o 333.73094 ΤΣΕ
|p 2420000024711
|r 2021-01-17 00:00:00
|t 1
|w 2021-01-17
|y BK15
|x 20140926 0 Κ.Γ. 1
|x GrPaTEI
|
| 971 |
|
|
|a .b25827595
|b 01-10-20
|c 13-09-16
|
| 999 |
|
|
|c 159033
|d 159033
|